Statistics for 20 Country Tripoints closest to Rome

Click here to take the quiz!

General Stats

  • This quiz has been taken 31 times
  • The average score is 15 of 20

Answer Stats

D (km)TRIPOINT% Correct
627 FRA ITA SWI
96%
642 AUSTRI LIE SWI (N)
92%
617 AUSTRI LIE SWI (S)
92%
523 AUSTRI ITA SLOVE
92%
622 AUSTRI HUN SLOVE
84%
771 AUSTRI HUN SLOVA
84%
743 FRA GER SWI
80%
574 AUSTRI ITA SWI
80%
604 CRO HUN SLOVE
76%
667 AUSTRI GER SWI
76%
620 BOS CRO SER
72%
628 ALB KOS MONT
68%
717 ALB GREE MAC
68%
653 KOS MONT SER
64%
771 AUSTRI CZE GER
64%
495 BOS CRO MONT
64%
670 ALB KOS MAC
60%
680 CRO HUN SER
60%
578 BOS MONT SER
56%
751 KOS MAC SER
28%

Score Distribution

Percentile by Number Answered

Percent of People with Each Score

Your Score History

You have not taken this quiz